000 00542cam a2200169 4500500
005 20260405002229.0
041 _afre
042 _adc
100 1 0 _aUngerer, Tomi
_eauthor
245 0 0 _a“Pourquoi les adultes fument ? Ils savent bien que ça fait du mal…”
260 _c2016.
500 _a54
690 _aHumeur
690 _aMal
786 0 _nPhilosophie magazine | 101 | 7 | 2016-07-01 | p. 6-6 | 1951-1787
856 4 1 _uhttps://shs.cairn.info/magazine-philosophie-magazine-2016-7-page-6?lang=fr&redirect-ssocas=7080
999 _c2055637
_d2055637